| 000 | 00656nam a2200193 i 4500 | ||
|---|---|---|---|
| 001 | 24584 | ||
| 003 | ES-MaACL | ||
| 005 | 20250905133544.0 | ||
| 007 | t| | ||
| 008 | 021218s1954 sp ||||1| spa d | ||
| 245 | 0 | 0 |
_aAntología general de la literatura española : _bverso, prosa, teatro / _cpor Ángel del Río y Amelia A. del Río. |
| 260 |
_aMadrid : _bRevista de Occidente, _c1954 ( _fVda. de Galo Sáez) |
||
| 300 |
_a2 v. ; _c25 cm. |
||
| 650 | 0 | 7 |
_aLiteratura española _2embne _914539 |
| 700 | 1 |
_aRío, Ángel del, _d1900-1962 _997297 |
|
| 700 | 1 |
_aAgostini de del Río, Amelia. _918577 |
|
| 852 |
_aES-MaACL _jC-8103-04 |
||
| 999 |
_c24584 _d24584 |
||